000 01274nam0a2200301 4500
001 RU\NLR\bibl\494194
005 20250623195942.0
021 _aRU
_b2004-818п
_935
035 _a(NLR Aleph) 000486841
090 _a1088598
_c1088598
100 _a20031009d2003 |||y0rusy50 ca
101 0 _arus
102 _aRU
105 _ay |||||||||
200 1 _aДо 18 лет не разрешается
_eПеречень работ при выполнении которых запрещается применение труда лиц моложе восемнадцати лет
210 _aМ.
_cБ.и.
_d2003
215 _a93 с.
_d20
225 1 _aТруд и право
_vN 24
606 0 _aНесовершеннолетние
_jНормативные и руководящие материалы
_xТруд
_yРоссийская Федерация
_92246677
_3RU\NLR\auth\661347812
606 0 _aНесовершеннолетние
_jНормативные документы
_xТруд
_yРоссийская Федерация
_92246677
_3RU\NLR\auth\661347812
686 _aУ24(2)920.22я8
686 _aХ627.42
801 0 _aRU
_bNLR
_c20040225
_gPSBO
801 1 _aRU
_bNLR
_c20040225
852 _aNLR
_jП22/6857
942 _cBOOK
980 _aNB